000 00322nam a22001337a 4500
008 180221b xxu||||| |||| 00| 0 eng d
020 _a9780803965133
041 _aeng
080 _a37
100 _a49
101 _aEDU
245 _aRESARCH ON THE EDUCATION OF OUR NATIONS TEACHERS
_cDAVID.M.B
942 _2udc
_cBK
999 _c43048
_d43048